000 00340nam a2200133Ia 4500
005 20260328101510.0
008 260328s9999||||xx |||||||||||||| ||und||
100 _aLe Corbusier
245 0 _aL' Urbanisme des trois etablissements humains /
_cLe Corbusier
260 _bDe Minuit
300 _a185 p.
650 _aCorbusier, Le
942 _cBK
999 _c9156
_d9156